000 00401nam a2200133 a 4500
005 20140414131856.0
008 100828s19uu xx 00 eng d
050 _aFIL
_bN62 2000
100 _aJocano, Mary Juliet
245 _aSi NingNing Kuting at ang pusang gala :
_bKitty Ningning and the stray cat.
260 _aManila, Philippines :
_bHiyas,
_c2000.
440 _aTutubi Patrol
999 _c110454
_d110454